<?xml version="1.0" encoding="UTF-8"?><?xml-stylesheet type="text/xsl" href="static/style.xsl"?><OAI-PMH xmlns="http://www.openarchives.org/OAI/2.0/" xmlns:xsi="http://www.w3.org/2001/XMLSchema-instance" xsi:schemaLocation="http://www.openarchives.org/OAI/2.0/ http://www.openarchives.org/OAI/2.0/OAI-PMH.xsd"><responseDate>2026-04-13T08:05:26Z</responseDate><request verb="GetRecord" identifier="oai:www.recercat.cat:2117/419509" metadataPrefix="marc">https://recercat.cat/oai/request</request><GetRecord><record><header><identifier>oai:recercat.cat:2117/419509</identifier><datestamp>2025-07-22T22:26:39Z</datestamp><setSpec>com_2072_1033</setSpec><setSpec>col_2072_452951</setSpec></header><metadata><record xmlns="http://www.loc.gov/MARC21/slim" xmlns:dcterms="http://purl.org/dc/terms/" xmlns:xsi="http://www.w3.org/2001/XMLSchema-instance" xmlns:doc="http://www.lyncode.com/xoai" xsi:schemaLocation="http://www.loc.gov/MARC21/slim http://www.loc.gov/standards/marcxml/schema/MARC21slim.xsd">
   <leader>00925njm 22002777a 4500</leader>
   <datafield ind2=" " ind1=" " tag="042">
      <subfield code="a">dc</subfield>
   </datafield>
   <datafield ind2=" " ind1=" " tag="720">
      <subfield code="a">Padial Ibarrola, Mikel</subfield>
      <subfield code="e">author</subfield>
   </datafield>
   <datafield ind2=" " ind1=" " tag="260">
      <subfield code="c">2024-10-10</subfield>
   </datafield>
   <datafield ind2=" " ind1=" " tag="520">
      <subfield code="a">En el context de transformació de la N-150 en la futura Avinguda del Vallès, es proposa la rehabilitació de las naus industrials que originalment eren la seu de la coneguda empresa Uralita. Ens trobem amb una arquitectura noucentista envoltada de polèmica pel seu passat obscur en relació a les patologies generades als treballadors a causa de l'exposició continua al fibrociment. Amb aquesta preexistència material i realitat social, es planteja la transformació d'aquestes naus en espais saludables per les persones i sostenibles a nivell mediambiental, així com la incorporació d'un programa dirigit a tota la població centrat en tres grups programàtics: l'activitat física, la cultura i la gent jove. Es conserven les tres naus perpendiculars a la N-150, així com la galeria que les uneix, obrint dos grans espais urbans mitjançant l'enderroc de la resta d'edificacions. D'aquesta manera aquestes obertures urbanes permeten la relació amb l'Avinguda del Vallès, alhora que organitzen els accessos a les naus de projecte. La proposta entén les virtuts de l'arquitectura industrial i aposta per mantenir i ressaltar valors arquitectònics com l'alçada lliure o les vistes llargues. S'incorpora una estructura de fusta CLT, afegint una alçada que permet donar cabuda al programa, des d'una perspectiva sostenible i respectuosa amb la preexistència.</subfield>
   </datafield>
   <datafield ind2=" " ind1=" " tag="520">
      <subfield code="a">En el contexto de transformación de la N-150 en la futura Avenida del Vallès, se propone la rehabilitación de las naves industriales que originalmente eran la sede de la conocida empresa Uralita. Nos encontramos con una arquitectura novecentista rodeada de polémica por su pasado oscuro en relación a las patologías generadas a los trabajadores a causa de la exposición continúa al fibrocemento. Con esta preexistencia material y realidad social, se plantea la transformación de estas naves en espacios saludables por las personas y sostenibles a nivel medioambiental, así como la incorporación de un programa dirigido a toda la población centrado en tres grupos programáticos: la actividad física, la cultura y la gente joven. Se conservan las tres naves perpendiculares a la N-150, así como la galería que las une, abriendo dos grandes espacios urbanos mediante el escombro del resto de edificaciones. De este modo estas aperturas urbanas permiten la relación con la Avenida del Vallès, a la vez que organizan los accesos a las naves de proyecto. La propuesta entiende las virtudes de la arquitectura industrial y apuesta para mantener y resaltar valores arquitectónicos como la altura libre o las vistas largas. Se incorpora una estructura de madera CLT, añadiendo una altura que permite dar cabida en el programa, desde una perspectiva sostenible y respetuosa con la preexistencia.</subfield>
   </datafield>
   <datafield ind2=" " ind1=" " tag="520">
      <subfield code="a">In the context of the transformation of the N-150 into the future Avenida del Vallès, the rehabilitation of the industrial buildings that were originally the headquarters of the well-known company Uralita is proposed. We find a noucentist architecture surrounded by controversy due to its dark past in relation to the pathologies generated by workers due to continuous exposure to fiber cement. With this material preexistence and social reality, the transformation of these buildings into healthy spaces for people and sustainable at an environmental level is proposed, as well as the incorporation of a program aimed at the entire population focused on three programmatic groups: physical activity, culture and young people. The three industrial units perpendicular to the N-150 are preserved, as well as the gallery that joins them, opening two large urban spaces through the rubble of the rest of the buildings. In this way, these urban openings allow the relationship with Avenida del Vallès, while organizing access to the project buildings. The proposal understands the virtues of industrial architecture and is committed to maintaining and highlighting architectural values ​​such as free height or long views. A CLT wooden structure is incorporated, adding a height that allows it to accommodate the program, from a sustainable perspective and respectful of the pre-existence.</subfield>
   </datafield>
   <datafield tag="653" ind2=" " ind1=" ">
      <subfield code="a">Àrees temàtiques de la UPC::Arquitectura::Restauració arquitectònica</subfield>
   </datafield>
   <datafield tag="653" ind2=" " ind1=" ">
      <subfield code="a">Àrees temàtiques de la UPC::Arquitectura::Tipologies d'edificis</subfield>
   </datafield>
   <datafield tag="653" ind2=" " ind1=" ">
      <subfield code="a">Factories -- Remodeling for other us -- Spain -- Cerdanyola</subfield>
   </datafield>
   <datafield tag="653" ind2=" " ind1=" ">
      <subfield code="a">Civic centers -- Spain -- Cerdanyola</subfield>
   </datafield>
   <datafield tag="653" ind2=" " ind1=" ">
      <subfield code="a">Sports facilities -- Spain -- Cerdanyola</subfield>
   </datafield>
   <datafield tag="653" ind2=" " ind1=" ">
      <subfield code="a">Arts facilities -- Spain -- Cerdanyola</subfield>
   </datafield>
   <datafield tag="653" ind2=" " ind1=" ">
      <subfield code="a">Rehabilitació</subfield>
   </datafield>
   <datafield tag="653" ind2=" " ind1=" ">
      <subfield code="a">Patrimoni</subfield>
   </datafield>
   <datafield tag="653" ind2=" " ind1=" ">
      <subfield code="a">Naus industrials</subfield>
   </datafield>
   <datafield tag="653" ind2=" " ind1=" ">
      <subfield code="a">Cultura</subfield>
   </datafield>
   <datafield tag="653" ind2=" " ind1=" ">
      <subfield code="a">Esport</subfield>
   </datafield>
   <datafield tag="653" ind2=" " ind1=" ">
      <subfield code="a">Joves</subfield>
   </datafield>
   <datafield tag="653" ind2=" " ind1=" ">
      <subfield code="a">Construcció amb fusta</subfield>
   </datafield>
   <datafield tag="653" ind2=" " ind1=" ">
      <subfield code="a">Sostenibilitat</subfield>
   </datafield>
   <datafield tag="653" ind2=" " ind1=" ">
      <subfield code="a">Eficiència energètica</subfield>
   </datafield>
   <datafield tag="653" ind2=" " ind1=" ">
      <subfield code="a">Fàbriques -- Reconversió -- Catalunya -- Cerdanyola del Vallès</subfield>
   </datafield>
   <datafield tag="653" ind2=" " ind1=" ">
      <subfield code="a">Centres cívics -- Catalunya -- Cerdanyola del Vallès</subfield>
   </datafield>
   <datafield tag="653" ind2=" " ind1=" ">
      <subfield code="a">Instal·lacions esportives -- Catalunya -- Cerdanyola del Vallès</subfield>
   </datafield>
   <datafield tag="653" ind2=" " ind1=" ">
      <subfield code="a">Equipaments culturals -- Catalunya -- Cerdanyola del Vallès</subfield>
   </datafield>
   <datafield ind2="0" ind1="0" tag="245">
      <subfield code="a">Participant en alçada: cultura, joves i esport: centre cívic a Cerdanyola del Vallès</subfield>
   </datafield>
</record></metadata></record></GetRecord></OAI-PMH>